ر يت : نا و ل (Record no. 87807)

MARC details
000 -LEADER
fixed length control field 01240nam a22002657a 4500
005 - DATE AND TIME OF LATEST TRANSACTION
control field 20170324122730.0
008 - FIXED-LENGTH DATA ELEMENTS--GENERAL INFORMATION
fixed length control field 140714b xxu||||| |||| 00| 0 Urdu d
010 ## - LCCN (DPL NO)
LC control number UR-259 B-548298-301 B-665941
020 ## - INTERNATIONAL STANDARD BOOK NUMBER
Terms of availability 300.00
International Standard Book Number 9789381029046
035 ## - SYSTEM CONTROL NUMBER
System control number U-259 B-548298-301 B-665941
037 ## - SOURCE OF ACQUISITION
Source of stock number/acquisition BPPD/Publishers/Venders
037 ## - SOURCE OF ACQUISITION
Source of stock number/acquisition Star Publications(Vend.)/Arshia Publications(Pub.)
040 ## - CATALOGING SOURCE
Original cataloging agency DPL
Language of cataloging Urdu
082 ## - DEWEY DECIMAL CLASSIFICATION NUMBER
Classification number ن
100 ## - MAIN ENTRY--PERSONAL NAME
Personal name متر جم :فا ر و ق ا نصا ر ی
245 ## - TITLE STATEMENT
Title ر يت : نا و ل
Statement of responsibility, etc متر جم :فا ر و ق ا نصا ر ی
246 ## - VARYING FORM OF TITLE
Title proper/short title Ret ( Novel)
Remainder of title Translated by Faruq Ansari
260 ## - PUBLICATION, DISTRIBUTION, ETC. (IMPRINT)
Name of publisher, distributor, etc Arshia Publictions
-- Star Publications.( Vender)
Date of publication, distribution, etc 2011
260 ## - PUBLICATION, DISTRIBUTION, ETC. (IMPRINT)
Place of publication, distribution, etc 4/5Asaf Ali Road,New Delhi-110002
270 ## - ADDRESS
Address A-170,Ground Floor, 3,Surya Apartment, Dilshad Colony,
City دھلی
Postal code 110095
Telephone number 9971775969
300 ## - PHYSICAL DESCRIPTION
Extent 297ص
Dimensions 22Cm(Pb)
942 ## - ADDED ENTRY ELEMENTS (KOHA)
Source of classification or shelving scheme Dewey Decimal Classification
Item type Urdu Bks
Call number suffix ا ن ص
Classification part ن
Holdings
Withdrawn status Lost status Source of classification or shelving scheme Damaged status Not for loan Collection code Home library Current library Date acquired Source of acquisition Cost, normal purchase price Total Checkouts Full call number Barcode Date last seen Copy number Cost, replacement price Koha item type
    Dewey Decimal Classification     Fiction Ashok Vihar Ashok Vihar 24/03/2017 BPPD/UR/2014-15/AV/16-17/657/SP/2267/27.2.17/8.3.17 300.00   ن ا ن ص B-665941 24/03/2017 1 300.00 Urdu Bks
    Dewey Decimal Classification     Fiction Central Library Central Library 17/12/2014 BPPD/UR/2014-15/127/1.8.14/SP/3597/6.8.14/2.9.14 300.00 3 ن ا ن ص B-548298 31/03/2018 1 300.00 Urdu Bks
    Dewey Decimal Classification     Fiction Patel Nagar Patel Nagar 17/12/2014 BPPD/UR/2014-15/127/1.8.14/SP/3597/6.8.14/2.9.14 300.00   ن ا ن ص B-548299 17/12/2014 1 300.00 Urdu Bks
    Dewey Decimal Classification     Fiction Sarojini Nagar Sarojini Nagar 17/12/2014 BPPD/UR/2014-15/127/1.8.14/SP/3597/6.8.14/2.9.14 300.00   ن ا ن ص B-548300 17/12/2014 1 300.00 Urdu Bks
    Dewey Decimal Classification     Fiction Shahdara Branch Shahdara Branch 17/12/2014 BPPD/UR/2014-15/127/1.8.14/SP/3597/6.8.14/2.9.14 300.00   ن ا ن ص B-548301 17/12/2014 1 300.00 Urdu Bks

© Delhi Public Library
Hit Counter
free hit counter